000 00610nam a22001457a 4500
020 _a978-1-4169-5103-2
082 _a823
_bKEE/N
100 _aKEENE, CAROLYN
245 _aNANCY DREW - MARDI GRAS MASQUERADE
260 _aNEW YORK
_bALADDIN PAPERBACKS
_c2008
300 _a138
520 _aEveryone thinks a ghost is the thief, but Nancy is on the case! A masked Mardi Gras ball turns spooky when revelers are tormented by a what they think are ghosts. When Deirdre Shannon’s antique tiara is snatched Nancy is certain the crook is a guest--not a ghoul.
650 _aDETECTIVE
_zUNITED STATES
942 _cBK
999 _c7840
_d7840